Exercise Therapy in the Management of Musculoskeletal Disorders (Registro nro. 167629)
[ vista simple ]
| 000 -ENCABEZADO | |
|---|---|
| Número de control [NR] | 01881cam a22002534a 4500 |
| 008 - DE LONGITUD FIJA DE DATOS DE ELEMENTOS - INFORMACIÓN GENERAL | |
| Elementos de longitud fija [NR] | 100930s2011 enkado frb 001 0 eng |
| 020 ## - NUMERO INTERNACIONAL NORMALIZADO PARA LIBROS [R] | |
| Número Internacional Normalizado del libro [NR] | 9781405169387 |
| 040 ## - FUENTE DE CATALOGACION [NR] | |
| Agencia de catalogación original [NR] | CO-BoUCM |
| Idioma de catalogación [NR] | spa |
| Quien Cataloga | |
| Quien Clasifica | Aldemar Mondragón (modificó) |
| 041 00 - CODIGO DE IDIOMA [R] | |
| Código de idioma para texto/pista de sonido o título separado [R] | Inglés |
| 060 10 - SIGNATURA TOPOGRAFICA DE LA BIBLIOTECA NACIONAL DE MEDICINA (NLM) [R] | |
| Número clasificador [R] | QT 261 |
| 245 00 - MENCION DE TITULO [NR] | |
| Título [NR] | Exercise Therapy in the Management of Musculoskeletal Disorders |
| Mención de responsabilidad, etc. [NR] | editado por Fiona Wilson, John Gormley, Juliette Hussey |
| 260 ## - PUBLICACION, DISTRIBUCION, ETC. (PIE DE IMPRENTA) [R] | |
| Lugar de publicación, distribución, etc. [R] | Chichester (Inglaterra) |
| Nombre del editor, distribuidor, etc. [R] | Wiley-Blackwell |
| Fecha de publicación, distribución, etc. [R] | 2011 |
| 300 ## - DESCRIPCION FISICA [R] | |
| Extensión [R] | xii, 264 páginas |
| Otros detalles físicos [NR] | fotografías, ilustraciones y cuadros |
| 504 ## - NOTA DE BIBLIOGRAFIA, ETC. [R] | |
| Nota de bibliografía, etc. [NR] | Incluye referencias bibliográficas e índices |
| 505 0# - NOTA DE CONTENIDO CON FORMATO PREESTABLECIDO [R] | |
| Nota de contenido con formato preestablecido [NR] | The role of exercise in managing musculoskeletal disorders / Fiona Wilson -- Measurement and assessment in the management of musculoskeletal disorders / Alison H. McGregor -- The cervical spine / Kirsty Peacock -- The thoracic spine and rib cage / Fiona Wilson -- The lumbar spine / Fiona Wilson -- The shoulder complex / Anne S. Viser ... [et al.] -- The elbow and forearm complex / Bill Vicenzino, Michelle Smith and Leanne Bisset -- The wrist and hand / Mandy Johnson -- The hip and pelvic complex / Kevin Sims -- The knee / Mandy Johnson -- The foot and ankle complex / Ruth Magee -- Musculoskeletal disorders in the developing child / Juliette Hussey and Mandy Johnson -- Musculoskeletal disorders in the cardiac and respiratory patient / Juliette Hussey -- Musculoskeletal disorders in obesity / Grace O'Malley -- Osteoporosis / Nicholas J. Mahony. |
| 650 #2 - ASIENTO SECUNDARIO DE MATERIA - TERMINO TEMATICO [R] | |
| Término temático o nombre geográfico como elemento de entrada [NR] | Enfermedades de los músculos |
| Subdivisión general [R] | Terapia |
| 9 (RLIN) | 41356 |
| 650 #2 - ASIENTO SECUNDARIO DE MATERIA - TERMINO TEMATICO [R] | |
| Término temático o nombre geográfico como elemento de entrada [NR] | Sistema musculoesquelético |
| Subdivisión general [R] | Enfermedades |
| -- | Terapia |
| 9 (RLIN) | 41355 |
| 650 #7 - ASIENTO SECUNDARIO DE MATERIA - TERMINO TEMATICO [R] | |
| Término temático o nombre geográfico como elemento de entrada [NR] | Fisioterapia |
| 9 (RLIN) | 41357 |
| 690 ## - ASUNTO AGREGADO LOCAL DE ENTRADA - TÉRMINO TEMÁTICO (OCLC, RLIN) | |
| 9 (RLIN) | 42892 |
| Acceso temático local | Ortopedia |
| 700 1# - ASIENTO SECUNDARIO - NOMBRE PERSONAL [R] | |
| Nombre personal [NR] | Gormley, John. |
| 9 (RLIN) | 41359 |
| Término de relación [R] | editor |
| 700 1# - ASIENTO SECUNDARIO - NOMBRE PERSONAL [R] | |
| Nombre personal [NR] | Hussey, Juliette. |
| 9 (RLIN) | 41360 |
| Término de relación [R] | editor |
| 700 1# - ASIENTO SECUNDARIO - NOMBRE PERSONAL [R] | |
| Nombre personal [NR] | Wilson, Fiona |
| Fechas asociadas con el nombre [NR] | 1966- |
| 9 (RLIN) | 41358 |
| Término de relación [R] | editor |
| 942 ## - ELEMENTOS DE ENTRADA AGREGADOS (KOHA) | |
| Tema principal | Medicina |
| Tipo de ítem principal el descrito en 300a | Libro |
| Edición | 1 |
| Parte restante de la signatura top. | E963 |
| Sistema de clasificación | NLM |
| Clasificación | QT 261 |
| Título oculto en OPAC | No |
| Fecha de último préstamo | Total préstamos | Total Renewals | Signatura topográfica | Código de barras | Última vez visto | Ejemplar | Costo de reposición | Price effective from | Tipo de ítem | Perdido | Sistema de clasificación | Dañado | No prestable | Tipo de ítem específico | Suprimido | Ubicación habitual | Ubicación actual | Localización | Fecha de creación | Proveedor | Forma de adquisición | Costo |
|---|---|---|---|---|---|---|---|---|---|---|---|---|---|---|---|---|---|---|---|---|---|---|
| 18/02/2020 | 7 | 6 | QT 261 E963 | 200024720 | 12/12/2025 | Ej.1 | 94000.00 | 02/07/2013 | Libro | NLM | Libro | Quinta de Mutis | Quinta de Mutis | 1er piso | 02/07/2013 | 15 | Compra | 94000.00 | ||||
| 30/04/2025 | 8 | 7 | QT 261 E963 | 200024760 | 12/12/2025 | Ej.2 | 94000.00 | 10/07/2013 | Libro | NLM | Libro | Quinta de Mutis | Quinta de Mutis | 1er piso | 10/07/2013 | 15 | Compra | 94000.00 |